Le grand schisme / (Record no. 105548)

MARC details
000 -LEADER
campo de control de longitud fija 00720nam a2200241 i 4500
001 - NÚMERO DE CONTROL
campo de control 105548
003 - IDENTIFICADOR DE NÚMERO DE CONTROL
campo de control ES-MaACL
005 - FECHA Y HORA DE LA ÚLTIMA TRANSACCIÓN
campo de control 20251015063112.0
007 - CAMPO FIJO DE DESCRIPCIÓN FÍSICA--INFORMACIÓN GENERAL
campo de control de longitud fija t|
008 - DATOS DE LONGITUD FIJA--INFORMACIÓN GENERAL
campo de control de longitud fija 060724s1948 fr ||||1| fre d
080 ## - NÚMERO DE LA CLASIFICACIÓN DECIMAL UNIVERSAL
Número de la Clasificación Decimal Universal 32(44)"1945/58"
080 ## - NÚMERO DE LA CLASIFICACIÓN DECIMAL UNIVERSAL
Número de la Clasificación Decimal Universal 32(100)"1945/55"
100 1# - ENTRADA PRINCIPAL--NOMBRE DE PERSONA
Nombre de persona Aron, Raymond,
Fechas asociadas al nombre 1905-1983
9 (RLIN) 23155
245 13 - MENCIÓN DEL TÍTULO
Título Le grand schisme /
Mención de responsabilidad, etc. Raymond Aron.
260 ## - PUBLICACIÓN, DISTRIBUCIÓN, ETC.
Lugar de publicación, distribución, etc. [Paris] :
Nombre del editor, distribuidor, etc. Gallimard,
Fecha de publicación, distribución, etc. [1948]
300 ## - DESCRIPCIÓN FÍSICA
Extensión 346 p. ;
Dimensiones 21 cm.
500 ## - NOTA GENERAL
Nota general Biblioteca Juan Andrade.
650 #4 - PUNTO DE ACCESO ADICIONAL DE MATERIA--TÉRMINO DE MATERIA
Término de materia o nombre geográfico como elemento de entrada Política mundial-
Subdivisión cronológica 1945-1955.
9 (RLIN) 16302
651 #4 - PUNTO DE ACCESO ADICIONAL DE MATERIA--NOMBRE GEOGRÁFICO
Nombre geográfico Francia-
Subdivisión general Política y gobierno-
Subdivisión cronológica 1945-1958.
9 (RLIN) 8708
852 ## - LOCALIZACIÓN
Ubicación ES-MaACL
Número de control de estantería AND-371
Sublocalización o colección R.109675
852 ## - LOCALIZACIÓN
Ubicación ES-MaACL
Número de control de estantería D-8120
Holdings
Estatus retirado Estado de pérdida Estado de daño No para préstamo Biblioteca de origen Biblioteca actual Ubicación en estantería Fecha de adquisición Fuente de adquisición Total de préstamos Signatura topográfica completa Código de barras Visto por última vez Precio de reemplazo Tipo de ítem Koha
        Biblioteca del Ateneo de Madrid Biblioteca del Ateneo de Madrid Sala Valle Inclán 05/12/2019     D-8120 901201356 23/02/2023 23/02/2023 Libro impreso
        Biblioteca del Ateneo de Madrid Biblioteca del Ateneo de Madrid Depósito 2 17/01/2008     AND-371 1110198 23/02/2023 23/02/2023 Libro impreso